[Event "FIRST SATURDAY TOURNAMENTS Budapest GM F"]
[Site "Budapest"]
[Date "2012.02.04"]
[Round "1.1"]
[White "Harutjunyan, Gevorg"]
[Black "Annageldyev, Orazly"]
[Result "1-0"]
[WhiteElo "2482"]
[BlackElo "2396"]
[PlyCount "85"]
[EventDate "2012.02.04"]

1. e4 e5 2. Nf3 Nc6 3. d4 exd4 4. Nxd4 Bc5 5. Nxc6 Qf6 6. Qf3 dxc6 7. Bc4 Qxf3
8. gxf3 Be6 9. Bxe6 fxe6 10. Be3 Bxe3 11. fxe3 Nf6 12. Nd2 O-O 13. Nc4 c5 14.
Ke2 b6 15. a4 Rfd8 16. Rhd1 Kf8 17. h4 g6 18. e5 Nh5 19. Rxd8+ Rxd8 20. Rg1 a6
21. Nd2 Ng7 22. Ne4 Nf5 23. Nf6 Ke7 24. h5 gxh5 25. Nxh5 Kf7 26. c3 Kf8 27. e4
Ne7 28. Nf4 Kf7 29. Rh1 Ng6 30. Rxh7+ Kg8 31. Nxe6 Nf4+ 32. Nxf4 Kxh7 33. Nd5
Rc8 34. f4 b5 35. a5 c6 36. Nf6+ Kg7 37. Nd7 Rh8 38. e6 Rh2+ 39. Kf3 Rxb2 40.
f5 Rb1 41. f6+ Kg6 42. f7 Rf1+ 43. Ke2 1-0

[Event "FIRST SATURDAY TOURNAMENTS Budapest GM F"]
[Site "Budapest"]
[Date "2012.02.04"]
[Round "1.2"]
[White "Lizak, Peter"]
[Black "Zakhartsov, Viacheslav V"]
[Result "1/2-1/2"]
[WhiteElo "2418"]
[BlackElo "2578"]
[PlyCount "80"]
[EventDate "2012.02.04"]

1. c4 Nf6 2. g3 c6 3. Nf3 d5 4. Bg2 Bf5 5. cxd5 cxd5 6. Qb3 Qc8 7. Nc3 e6 8. d3
Nc6 9. Nh4 Bg6 10. e4 dxe4 11. dxe4 Be7 12. O-O O-O 13. Nxg6 hxg6 14. Qc4 Rd8
15. Bg5 Nd7 16. Bxe7 Nxe7 17. Qxc8 Raxc8 18. Rfd1 g5 19. Rd2 Ne5 20. Rxd8+ Rxd8
21. Rd1 Rxd1+ 22. Nxd1 N7c6 23. Bf1 Nf3+ 24. Kg2 Nce5 25. Be2 Nd4 26. Nc3 Nxe2
27. Nxe2 Kf8 28. f4 gxf4 29. gxf4 Nd3 30. b3 e5 31. fxe5 Nxe5 32. Nd4 g6 33.
Kg3 Ke7 34. Kf4 f6 35. h4 a6 36. a3 Kd6 37. Ke3 Nd7 38. Ne2 Nc5 39. b4 Ne6 40.
Nc1 Ke5 1/2-1/2

[Event "FIRST SATURDAY TOURNAMENTS Budapest GM F"]
[Site "Budapest"]
[Date "2012.02.04"]
[Round "1.3"]
[White "Varga, Zoltan"]
[Black "Manca, Federico"]
[Result "0-1"]
[WhiteElo "2452"]
[BlackElo "2425"]
[PlyCount "42"]
[EventDate "2012.02.04"]

1. e4 e5 2. Nf3 Nc6 3. Nc3 Nf6 4. Bb5 Nd4 5. Bc4 Bc5 6. Nxe5 d5 7. exd5 O-O 8.
Nf3 Re8+ 9. Be2 Ng4 10. O-O Nxf3+ 11. gxf3 Nxh2 12. d4 Bd6 13. Ne4 Qh4 14. Nxd6
cxd6 15. Re1 Bf5 16. a4 Re7 17. Ra3 Rae8 18. Re3 Rxe3 19. Bxe3 Rxe3 20. fxe3
Qg3+ 21. Kh1 Ng4 0-1

[Event "FIRST SATURDAY TOURNAMENTS Budapest GM F"]
[Site "Budapest"]
[Date "2012.02.04"]
[Round "1.4"]
[White "Semiev, Suhrab"]
[Black "Atabayev, Yusup"]
[Result "1/2-1/2"]
[WhiteElo "2386"]
[BlackElo "2413"]
[PlyCount "42"]
[EventDate "2012.02.04"]

1. d4 c5 2. e3 Nf6 3. Nf3 d5 4. Bd3 e6 5. O-O Nbd7 6. b3 Bd6 7. Bb2 b6 8. Nbd2
Bb7 9. Ne5 O-O 10. f4 Ne4 11. Bxe4 dxe4 12. Ndc4 Be7 13. Nxd7 Qxd7 14. dxc5
Qxd1 15. Rfxd1 Bxc5 16. Ba3 Rfc8 17. Bxc5 Rxc5 18. Nd6 Ba6 19. c4 f5 20. a4 Kf8
21. Rd2 Ke7 1/2-1/2

[Event "FIRST SATURDAY TOURNAMENTS Budapest GM F"]
[Site "Budapest"]
[Date "2012.02.04"]
[Round "1.5"]
[White "Feher, Adam"]
[Black "Horvath, David"]
[Result "1/2-1/2"]
[WhiteElo "2340"]
[BlackElo "2383"]
[PlyCount "47"]
[EventDate "2012.02.04"]

1. e4 e6 2. d4 d5 3. Nc3 Nf6 4. e5 Nfd7 5. f4 c5 6. Nf3 Nc6 7. Be3 Qb6 8. Na4
Qa5+ 9. c3 c4 10. b4 Qc7 11. Be2 Be7 12. O-O O-O 13. a3 b5 14. Nc5 a5 15. Qc2
Nxc5 16. dxc5 f6 17. Nd4 fxe5 18. Nxc6 Qxc6 19. fxe5 Bd7 20. Qd2 Rxf1+ 21. Rxf1
Rf8 22. Bg5 Rxf1+ 23. Kxf1 Bf8 24. Bg4 1/2-1/2

[Event "FIRST SATURDAY TOURNAMENTS Budapest GM F"]
[Site "Budapest"]
[Date "2012.02.04"]
[Round "1.6"]
[White "Kislik, Erik Andrew"]
[Black "Battey, Alexander"]
[Result "1-0"]
[WhiteElo "2380"]
[BlackElo "2353"]
[PlyCount "65"]
[EventDate "2012.02.04"]

1. e4 e6 2. d4 d5 3. Nc3 Nf6 4. e5 Nfd7 5. f4 c5 6. Nf3 Nc6 7. Be3 a6 8. Qd2 b5
9. a3 Qb6 10. Ne2 c4 11. g4 h5 12. gxh5 Rxh5 13. Ng3 Rh8 14. h4 b4 15. axb4
Bxb4 16. c3 Bf8 17. f5 exf5 18. Nxf5 Nf6 19. Nxg7+ Bxg7 20. exf6 Bxf6 21. Bg2
Na5 22. Qe2 Be6 23. Ng5 Nb3 24. O-O Bxg5 25. Bxg5 Nxa1 26. Bxd5 Ra7 27. Rxa1
Qd6 28. Bg2 Kf8 29. Qe3 Bd5 30. Bxd5 Qxd5 31. Bh6+ Rxh6 32. Qxh6+ Kg8 33. Kh2
1-0

[Event "FIRST SATURDAY TOURNAMENTS Budapest GM F"]
[Site "Budapest"]
[Date "2012.02.05"]
[Round "2.1"]
[White "Annageldyev, Orazly"]
[Black "Battey, Alexander"]
[Result "1/2-1/2"]
[WhiteElo "2396"]
[BlackElo "2353"]
[PlyCount "101"]
[EventDate "2012.02.04"]

1. e4 c6 2. d4 d5 3. Nc3 dxe4 4. Nxe4 Bf5 5. Ng3 Bg6 6. Bc4 Nf6 7. N1e2 Nbd7 8.
Nf4 e5 9. Nxg6 hxg6 10. Qe2 Qe7 11. dxe5 Qxe5 12. Qxe5+ Nxe5 13. Bb3 Bb4+ 14.
Ke2 Kf8 15. h3 Re8 16. Be3 Ned7 17. Rhd1 Bc5 18. c3 Bxe3 19. fxe3 Re5 20. Rd4
Ke7 21. Rad1 Nb6 22. Kf3 Re8 23. e4 Nfd7 24. Bc2 Nc5 25. b4 Ne6 26. R4d2 Rd8
27. Rxd8 Nxd8 28. Nh1 Nd7 29. Nf2 Re6 30. Ke3 Ne5 31. Nd3 Nxd3 32. Bxd3 Re5 33.
h4 Ne6 34. Kf3 f6 35. Rh1 Nf8 36. g4 Nd7 37. Bc4 Nb6 38. Bb3 Nd7 39. a3 Nb6 40.
h5 Rg5 41. h6 gxh6 42. Rxh6 Nd7 43. Rh7+ Kd6 44. Kf4 b6 45. Rg7 a5 46. Bd1 axb4
47. axb4 b5 48. Be2 Ne5 49. Rg8 Ke7 50. Rg7+ Kd6 51. Rg8 1/2-1/2

[Event "FIRST SATURDAY TOURNAMENTS Budapest GM F"]
[Site "Budapest"]
[Date "2012.02.05"]
[Round "2.2"]
[White "Horvath, David"]
[Black "Kislik, Erik Andrew"]
[Result "1/2-1/2"]
[WhiteElo "2383"]
[BlackElo "2380"]
[PlyCount "37"]
[EventDate "2012.02.04"]

1. d4 Nf6 2. c4 e6 3. Nf3 d5 4. Nc3 c6 5. Bg5 h6 6. Bxf6 Qxf6 7. e3 Nd7 8. Bd3
dxc4 9. Bxc4 g6 10. O-O Bg7 11. Qe2 O-O 12. e4 Qe7 13. Rfd1 b5 14. Bb3 Rb8 15.
Rac1 Bb7 16. Qe3 a6 17. a3 Rfe8 18. Ba2 c5 19. dxc5 1/2-1/2

[Event "FIRST SATURDAY TOURNAMENTS Budapest GM F"]
[Site "Budapest"]
[Date "2012.02.05"]
[Round "2.3"]
[White "Atabayev, Yusup"]
[Black "Feher, Adam"]
[Result "1-0"]
[WhiteElo "2413"]
[BlackElo "2340"]
[PlyCount "131"]
[EventDate "2012.02.04"]

1. e4 e5 2. Nf3 Nc6 3. Bb5 a6 4. Ba4 Nf6 5. O-O Be7 6. Re1 b5 7. Bb3 d6 8. c3
O-O 9. h3 Nb8 10. a4 Bb7 11. Bc2 Nbd7 12. d4 Re8 13. Nbd2 Bf8 14. Bd3 c6 15.
Nf1 d5 16. dxe5 Nxe4 17. Bf4 Ndc5 18. Bc2 Ne6 19. Bh2 c5 20. Ne3 N4g5 21. Nxg5
Nxg5 22. f4 d4 23. Nf5 Ne6 24. Qg4 Kh8 25. Rad1 Qb6 26. Kh1 dxc3 27. bxc3 Rad8
28. Nh4 Rxd1 29. Rxd1 Rd8 30. f5 Rxd1+ 31. Qxd1 Ng5 32. Qg4 Qd8 33. f6 Qd2 34.
fxg7+ Bxg7 35. Bf4 Qxc2 36. Qxg5 Qd1+ 37. Kh2 Bc8 38. axb5 axb5 39. Qe7 Qd7 40.
Qxc5 Bb7 41. Bg5 Qd5 42. Qxd5 Bxd5 43. Bf6 Kg8 44. Bxg7 Kxg7 45. Nf5+ Kf8 46.
Kg3 Be4 47. Nd4 Ke7 48. h4 Bd3 49. Kf4 f6 50. g3 fxe5+ 51. Kxe5 Kf7 52. Nf5 Kg6
53. Ne7+ Kh5 54. Kf4 Bf1 55. Nc6 Kg6 56. g4 h6 57. Nd4 Bd3 58. Ke5 Bf1 59. Ne6
Bc4 60. Nf4+ Kf7 61. g5 hxg5 62. hxg5 Bb3 63. g6+ Ke7 64. Nd5+ Kf8 65. Ne3 Kg7
66. Kf5 1-0

[Event "FIRST SATURDAY TOURNAMENTS Budapest GM F"]
[Site "Budapest"]
[Date "2012.02.05"]
[Round "2.5"]
[White "Zakhartsov, Viacheslav V"]
[Black "Varga, Zoltan"]
[Result "1/2-1/2"]
[WhiteElo "2578"]
[BlackElo "2452"]
[PlyCount "37"]
[EventDate "2012.02.04"]

1. c4 c5 2. Nf3 e6 3. Nc3 Nf6 4. g3 Nc6 5. Bg2 d5 6. cxd5 Nxd5 7. O-O Nf6 8. b3
Be7 9. Bb2 Bd7 10. d4 O-O 11. dxc5 Bxc5 12. Nd2 Rb8 13. Nce4 Be7 14. Nxf6+ Bxf6
15. Bxf6 Qxf6 16. Ne4 Qe7 17. Qd6 Rfd8 18. Rfd1 Kf8 19. Nc5 1/2-1/2

[Event "FIRST SATURDAY TOURNAMENTS Budapest GM F"]
[Site "Budapest"]
[Date "2012.02.05"]
[Round "2.6"]
[White "Harutjunyan, Gevorg"]
[Black "Lizak, Peter"]
[Result "0-1"]
[WhiteElo "2482"]
[BlackElo "2418"]
[PlyCount "96"]
[EventDate "2012.02.04"]

1. e4 c6 2. d4 d5 3. Nd2 dxe4 4. Nxe4 Bf5 5. Ng3 Bg6 6. h4 h6 7. Nf3 Nd7 8. h5
Bh7 9. Bd3 Bxd3 10. Qxd3 e6 11. Bf4 Qa5+ 12. Bd2 Bb4 13. Ne4 Ngf6 14. Nd6+ Ke7
15. Nxb7 Bxd2+ 16. Nxd2 Qb4 17. Qb3 Qxd4 18. O-O-O Rab8 19. Qa3+ c5 20. Na5
Rhc8 21. Ndc4 Qf4+ 22. Rd2 Ne4 23. g3 Qg5 24. f4 Qxg3 25. Qxg3 Nxg3 26. Rhd1
Nb6 27. Nd6 Nxh5 28. f5 Nf4 29. c4 exf5 30. Rf2 g5 31. Nxf5+ Kf6 32. Nd6 Rc7
33. a3 Kg6 34. b4 cxb4 35. axb4 Nbd5 36. b5 Nc3 37. Nc6 Nxd1 38. Kxd1 Rb6 39.
Ne5+ Kh7 40. Nexf7 Rd7 41. Rd2 Ne6 42. Kc2 Nc5 43. Rd5 Nb7 44. c5 Rxb5 45. c6
Rxd5 46. cxd7 Nd8 47. Nxd8 Rxd6 48. Ne6 g4 0-1

[Event "FIRST SATURDAY TOURNAMENTS Budapest GM F"]
[Site "Budapest"]
[Date "2012.02.06"]
[Round "3.1"]
[White "Lizak, Peter"]
[Black "Annageldyev, Orazly"]
[Result "1/2-1/2"]
[WhiteElo "2418"]
[BlackElo "2396"]
[PlyCount "91"]
[EventDate "2012.02.04"]

1. c4 c5 2. g3 Nc6 3. Bg2 g6 4. Nc3 Bg7 5. Nf3 Nh6 6. d4 Nxd4 7. Nxd4 cxd4 8.
Bxh6 Bxh6 9. Qxd4 O-O 10. O-O Bg7 11. Qd2 d6 12. Rac1 Rb8 13. Rfd1 Be6 14. b3
a6 15. Nd5 Bd7 16. Qe3 e6 17. Nb6 Bc6 18. Rd3 Bxg2 19. Kxg2 Qc7 20. Rcd1 Rfd8
21. f3 h5 22. Qf2 Bf8 23. b4 Be7 24. a4 Kh7 25. a5 Re8 26. e4 Rbd8 27. Qd2 Kg8
28. h4 Kg7 29. Kh3 Qc6 30. Qf4 Rf8 31. Qe3 Rfe8 32. Qf4 f6 33. Qe3 Rf8 34. Qe2
g5 35. f4 g4+ 36. Kh2 Rde8 37. Qg2 f5 38. Re1 fxe4 39. Rxe4 Bd8 40. Red4 Qxg2+
41. Kxg2 e5 42. Rxd6 exf4 43. Rd7+ Kg8 44. R3d6 Re2+ 45. Kg1 Rfe8 46. Rxd8
1/2-1/2

[Event "FIRST SATURDAY TOURNAMENTS Budapest GM F"]
[Site "Budapest"]
[Date "2012.02.06"]
[Round "3.3"]
[White "Semiev, Suhrab"]
[Black "Zakhartsov, Viacheslav V"]
[Result "1/2-1/2"]
[WhiteElo "2386"]
[BlackElo "2578"]
[PlyCount "37"]
[EventDate "2012.02.04"]

1. d4 Nf6 2. g3 c5 3. c3 d5 4. Nf3 e6 5. Bg2 Nc6 6. O-O Be7 7. c4 O-O 8. cxd5
exd5 9. Nc3 Bg4 10. Be3 cxd4 11. Nxd4 Qd7 12. Re1 Rfe8 13. Bf4 Bb4 14. a3 Bxc3
15. bxc3 Na5 16. a4 Nc4 17. a5 Rac8 18. Qb3 Rc5 19. Qb4 1/2-1/2

[Event "FIRST SATURDAY TOURNAMENTS Budapest GM F"]
[Site "Budapest"]
[Date "2012.02.06"]
[Round "3.4"]
[White "Feher, Adam"]
[Black "Manca, Federico"]
[Result "1/2-1/2"]
[WhiteElo "2340"]
[BlackElo "2425"]
[PlyCount "54"]
[EventDate "2012.02.04"]

1. e4 e5 2. Nf3 Nc6 3. Bb5 a6 4. Ba4 Nf6 5. O-O Be7 6. Re1 b5 7. Bb3 d6 8. c3
O-O 9. h3 Na5 10. Bc2 c5 11. d4 Qc7 12. d5 Bd7 13. b3 Ne8 14. a4 bxa4 15. bxa4
g6 16. Na3 Ng7 17. Bh6 Rfb8 18. Qe2 Nh5 19. Nd2 Qd8 20. Be3 Bg5 21. Nac4 Nxc4
22. Nxc4 Bxe3 23. fxe3 Qe7 24. Rab1 a5 25. Qf3 Kg7 26. Rf1 Rxb1 27. Rxb1 Bc8
1/2-1/2

[Event "FIRST SATURDAY TOURNAMENTS Budapest GM F"]
[Site "Budapest"]
[Date "2012.02.06"]
[Round "3.5"]
[White "Kislik, Erik Andrew"]
[Black "Atabayev, Yusup"]
[Result "1-0"]
[WhiteElo "2380"]
[BlackElo "2413"]
[PlyCount "71"]
[EventDate "2012.02.04"]

1. e4 e6 2. d4 d5 3. Nc3 Nf6 4. e5 Nfd7 5. f4 c5 6. Nf3 Nc6 7. Be3 Qb6 8. Na4
Qa5+ 9. c3 b6 10. Bd2 c4 11. b4 Qa6 12. Qc2 h5 13. g3 g6 14. h3 Ne7 15. Rg1 Nf5
16. g4 hxg4 17. hxg4 Nh4 18. Ng5 Nb8 19. Nb2 Nc6 20. a3 b5 21. Qc1 Qb6 22. Be3
a5 23. Kf2 Bb7 24. Rh1 axb4 25. axb4 Rxa1 26. Qxa1 Nxb4 27. cxb4 Bxb4 28. Rh3
Bc3 29. Nxc4 Bxa1 30. Nxb6 Ba6 31. Nf3 g5 32. fxg5 Ng6 33. Rxh8+ Nxh8 34. Nd2
Kd8 35. Nb3 Bc3 36. Nc5 1-0

[Event "FIRST SATURDAY TOURNAMENTS Budapest GM F"]
[Site "Budapest"]
[Date "2012.02.06"]
[Round "3.6"]
[White "Battey, Alexander"]
[Black "Horvath, David"]
[Result "1-0"]
[WhiteElo "2353"]
[BlackElo "2383"]
[PlyCount "77"]
[EventDate "2012.02.04"]

1. e4 c6 2. d4 g6 3. Nc3 Bg7 4. f4 d5 5. e5 h5 6. Nf3 Nh6 7. Be3 Bg4 8. h3 Nf5
9. Bf2 Bxf3 10. Qxf3 h4 11. Bd3 e6 12. O-O Nd7 13. Ne2 Bf8 14. Rfd1 Be7 15. b3
Kf8 16. c4 Kg7 17. a3 a6 18. c5 b6 19. b4 a5 20. Bc2 Qc7 21. Qc3 Qb7 22. Rdb1
axb4 23. axb4 b5 24. Qe1 Rxa1 25. Rxa1 Ra8 26. Rxa8 Qxa8 27. Bxf5 exf5 28. Bxh4
Bxh4 29. Qxh4 Qa3 30. Kf2 Kg8 31. g4 fxg4 32. hxg4 Nf8 33. f5 Qd3 34. Qd8 Qh3
35. e6 fxe6 36. fxe6 Qxg4 37. e7 Qh4+ 38. Ke3 Kh7 39. exf8=N+ 1-0

[Event "FIRST SATURDAY TOURNAMENTS Budapest GM F"]
[Site "Budapest"]
[Date "2012.02.07"]
[Round "4.1"]
[White "Annageldyev, Orazly"]
[Black "Horvath, David"]
[Result "1/2-1/2"]
[WhiteElo "2396"]
[BlackElo "2383"]
[PlyCount "147"]
[EventDate "2012.02.04"]

1. e4 e6 2. d4 d5 3. Nc3 Bb4 4. exd5 exd5 5. Bd3 c6 6. Qf3 Qf6 7. Bf4 Ne7 8.
Nge2 O-O 9. O-O h6 10. Ng3 Ng6 11. Nh5 Qh4 12. Bxb8 Rxb8 13. Qg3 Qxg3 14. hxg3
Bg4 15. Nf4 Nxf4 16. gxf4 Rfe8 17. f3 Bd7 18. Kf2 Bd6 19. g3 g6 20. Nd1 h5 21.
Ne3 h4 22. gxh4 Bxf4 23. Rfe1 Kg7 24. Ng2 Bd6 25. Rxe8 Rxe8 26. Rh1 Rh8 27. f4
f6 28. Kf3 g5 29. f5 Be8 30. Kf2 gxh4 31. Nxh4 Bd7 32. Rg1+ Kf7 33. Rg4 Rh5 34.
c4 Rg5 35. Kf3 Rxg4 36. Kxg4 dxc4 37. Bxc4+ Kg7 38. Be6 Be8 39. Ng2 Kh6 40. Kf3
Kg5 41. Ke4 c5 42. dxc5 Bxc5 43. Nf4 Bd6 44. Nh3+ Kg4 45. Nf2+ Kg3 46. Nd3 Bh5
47. Kd5 Bf8 48. Bc8 Bf7+ 49. Be6 Be8 50. Kd4 b6 51. Kd5 Bh5 52. b4 Bf3+ 53. Kd4
Bh6 54. Bd5 Be3+ 55. Kxe3 Bxd5 56. Nf4 Bxa2 57. Nh5+ Kg4 58. Nxf6+ Kxf5 59. Ne4
Ke5 60. Nd2 Kd5 61. Kd3 Kc6 62. Kc3 Bd5 63. Nf1 Kb5 64. Ne3 Be6 65. Nc2 Ka4 66.
Nd4 Bd7 67. Nc2 Bc6 68. Nd4 Be4 69. Ne6 Ka3 70. Nd4 a6 71. Ne6 Bf5 72. Nc7 Bc8
73. b5 axb5 74. Nxb5+ 1/2-1/2

[Event "FIRST SATURDAY TOURNAMENTS Budapest GM F"]
[Site "Budapest"]
[Date "2012.02.07"]
[Round "4.2"]
[White "Atabayev, Yusup"]
[Black "Battey, Alexander"]
[Result "1/2-1/2"]
[WhiteElo "2413"]
[BlackElo "2353"]
[PlyCount "38"]
[EventDate "2012.02.04"]

1. e4 c5 2. Nf3 d6 3. d4 cxd4 4. Nxd4 Nf6 5. Nc3 a6 6. Be2 e5 7. Nb3 Be7 8. f4
O-O 9. O-O Nc6 10. Be3 exf4 11. Rxf4 Be6 12. Nd4 Nxd4 13. Qxd4 Nd7 14. Rff1 Rc8
15. Rad1 Ne5 16. Qd2 Qc7 17. a4 Rfd8 18. Bd4 Nc6 19. Be3 Ne5 1/2-1/2

[Event "FIRST SATURDAY TOURNAMENTS Budapest GM F"]
[Site "Budapest"]
[Date "2012.02.07"]
[Round "4.4"]
[White "Zakhartsov, Viacheslav V"]
[Black "Feher, Adam"]
[Result "1-0"]
[WhiteElo "2578"]
[BlackElo "2340"]
[PlyCount "99"]
[EventDate "2012.02.04"]

1. d4 Nf6 2. c4 e6 3. Nf3 d5 4. Nc3 c6 5. Bg5 h6 6. Bh4 dxc4 7. e4 g5 8. Bg3 b5
9. Be2 Bb7 10. h4 g4 11. Ne5 Nbd7 12. Bxg4 Rg8 13. Nxd7 Nxd7 14. Bf3 Qe7 15.
Qd2 e5 16. dxe5 Nc5 17. O-O-O Nd3+ 18. Kb1 O-O-O 19. Be2 b4 20. Na4 c5 21. Bxd3
Rxd3 22. Qf4 Qe6 23. Rxd3 Rg4 24. Qe3 cxd3 25. Nxc5 Bxc5 26. Qxc5+ Kb8 27. Qd6+
Qxd6 28. exd6 Kc8 29. Rc1+ Kd8 30. Rc7 Rxe4 31. Kc1 Bd5 32. Kd2 Bc4 33. b3 Re2+
34. Kd1 Be6 35. h5 Re4 36. Kd2 Rd4 37. Rxa7 Ke8 38. Re7+ Kd8 39. Rb7 Ke8 40. f3
Kd8 41. Be5 Rd5 42. f4 Kc8 43. Rxb4 f6 44. Bxf6 Rxh5 45. Be5 Rh2 46. Rb8+ Kd7
47. Rb7+ Kc6 48. Rc7+ Kd5 49. d7 Rxg2+ 50. Kxd3 1-0

[Event "FIRST SATURDAY TOURNAMENTS Budapest GM F"]
[Site "Budapest"]
[Date "2012.02.07"]
[Round "4.6"]
[White "Lizak, Peter"]
[Black "Varga, Zoltan"]
[Result "1-0"]
[WhiteElo "2418"]
[BlackElo "2452"]
[PlyCount "43"]
[EventDate "2012.02.04"]

1. c4 Nf6 2. g3 c6 3. Nf3 d5 4. Bg2 dxc4 5. O-O Nbd7 6. Na3 Nb6 7. Qc2 Qd5 8.
b3 cxb3 9. axb3 Qf5 10. d3 e5 11. Bb2 Bd6 12. e4 Qh5 13. d4 Nfd7 14. d5 cxd5
15. Nb5 Bb8 16. Ba3 dxe4 17. Qxe4 Nf6 18. Qb4 Nbd5 19. Qc5 Be6 20. Rfe1 a6 21.
Nfd4 Ba7 22. Nc7+ 1-0

[Event "FIRST SATURDAY TOURNAMENTS Budapest GM F"]
[Site "Budapest"]
[Date "2012.02.08"]
[Round "5.1"]
[White "Varga, Zoltan"]
[Black "Annageldyev, Orazly"]
[Result "1/2-1/2"]
[WhiteElo "2452"]
[BlackElo "2396"]
[PlyCount "94"]
[EventDate "2012.02.04"]

1. c4 c5 2. Nf3 Nf6 3. d4 g6 4. Nc3 Bg7 5. e4 O-O 6. Be2 d6 7. O-O cxd4 8. Nxd4
Nc6 9. Be3 Bd7 10. Qd2 Nxd4 11. Bxd4 Bc6 12. f3 a5 13. b3 Nd7 14. Be3 Nc5 15.
Rab1 f5 16. exf5 gxf5 17. Rbd1 f4 18. Bf2 Qe8 19. Rfe1 Rf5 20. Bf1 Qf7 21. Nd5
Bxd5 22. cxd5 Nd7 23. Rc1 Ne5 24. Rc7 Kh8 25. Qc2 Rf8 26. Qe4 Ng6 27. Qe6 Qxe6
28. dxe6 Rd5 29. Bc4 Rd2 30. a4 Rb8 31. Kf1 Bd4 32. Bxd4+ Rxd4 33. Ke2 Kg7 34.
Bd3 Kf6 35. Rec1 Kxe6 36. R1c4 Rxc4 37. bxc4 b6 38. g3 Kf6 39. Be4 Nf8 40. Bd5
fxg3 41. hxg3 h5 42. f4 Ne6 43. Bxe6 Kxe6 44. Kf3 Kf6 45. Ke4 Ke6 46. Kf3 Kf6
47. Ke4 Ke6 1/2-1/2

[Event "FIRST SATURDAY TOURNAMENTS Budapest GM F"]
[Site "Budapest"]
[Date "2012.02.08"]
[Round "5.2"]
[White "Semiev, Suhrab"]
[Black "Lizak, Peter"]
[Result "1-0"]
[WhiteElo "2386"]
[BlackElo "2418"]
[PlyCount "83"]
[EventDate "2012.02.04"]

1. d4 Nf6 2. g3 c5 3. c3 d5 4. Nf3 Nc6 5. Bg2 e6 6. O-O Be7 7. dxc5 Bxc5 8.
Nbd2 O-O 9. b4 Be7 10. Bb2 Qc7 11. Qb1 b5 12. a4 bxa4 13. Rxa4 Bd7 14. b5 Na5
15. Qa2 Nb7 16. Rxa7 Rxa7 17. Qxa7 Bxb5 18. c4 Bxc4 19. Nxc4 dxc4 20. Bxf6 Bxf6
21. Rb1 c3 22. Ne1 c2 23. Rc1 Qc3 24. Bxb7 Bd4 25. Qa4 Qb2 26. Rxc2 Qb6 27. e3
Bxe3 28. fxe3 Qxb7 29. Qc6 Qb1 30. Kf2 h6 31. Nf3 Qa1 32. Qc3 Qb1 33. Qb2 Qd1
34. Rd2 Qa4 35. Rd4 Qa7 36. Rg4 g6 37. Rb4 Qd7 38. Rb7 Qd3 39. h4 Qf5 40. Rb8
Rxb8 41. Qxb8+ Kg7 42. Qe5+ 1-0

[Event "FIRST SATURDAY TOURNAMENTS Budapest GM F"]
[Site "Budapest"]
[Date "2012.02.08"]
[Round "5.3"]
[White "Feher, Adam"]
[Black "Harutjunyan, Gevorg"]
[Result "0-1"]
[WhiteElo "2340"]
[BlackElo "2482"]
[PlyCount "64"]
[EventDate "2012.02.04"]

1. e4 c5 2. Nf3 e6 3. d4 cxd4 4. Nxd4 a6 5. Nc3 Qc7 6. Bd3 Nf6 7. f4 d6 8. Qf3
Nc6 9. Nxc6 bxc6 10. O-O Bb7 11. Qg3 h5 12. Bd2 h4 13. Qe1 h3 14. g3 d5 15. e5
Nd7 16. Be2 Bc5+ 17. Kh1 Ba7 18. Bf3 g5 19. Qe2 gxf4 20. gxf4 O-O-O 21. Nd1
Rdg8 22. c4 Rg2 23. Bxg2 hxg2+ 24. Qxg2 c5 25. Nc3 f5 26. exf6 d4 27. Ne4 Nxf6
28. Rae1 Qc6 29. Qg7 Rg8 30. Qxg8+ Nxg8 31. f5 exf5 32. Rxf5 Qxe4+ 0-1

[Event "FIRST SATURDAY TOURNAMENTS Budapest GM F"]
[Site "Budapest"]
[Date "2012.02.08"]
[Round "5.4"]
[White "Kislik, Erik Andrew"]
[Black "Zakhartsov, Viacheslav V"]
[Result "0-1"]
[WhiteElo "2380"]
[BlackElo "2578"]
[PlyCount "82"]
[EventDate "2012.02.04"]

1. d4 Nf6 2. c4 e6 3. Nf3 b6 4. g3 Ba6 5. Qa4 Bb7 6. Bg2 c5 7. O-O cxd4 8. Nxd4
Bxg2 9. Kxg2 Qc8 10. Rd1 Qb7+ 11. f3 a6 12. Nc3 Be7 13. Bg5 h6 14. Bxf6 Bxf6
15. Rd2 O-O 16. Rad1 Rc8 17. Ne4 Be7 18. Qb3 b5 19. cxb5 d5 20. Nc3 Nd7 21.
bxa6 Qxa6 22. Qb5 Nb6 23. Qxa6 Rxa6 24. e3 Bb4 25. Ndb5 Ra5 26. a3 Bxc3 27.
Nxc3 Nc4 28. Re2 Rb8 29. e4 Rxb2 30. Rxb2 Nxb2 31. Rb1 Rxa3 32. Nxd5 Nc4 33.
Nf4 Ra2+ 34. Kh3 Nd2 35. Rb8+ Kh7 36. Kg4 Nf1 37. Rb3 Rxh2 38. e5 g5 39. Nh5
Kg6 40. Nf4+ gxf4 41. Kxf4 Ra2 0-1

[Event "FIRST SATURDAY TOURNAMENTS Budapest GM F"]
[Site "Budapest"]
[Date "2012.02.08"]
[Round "5.5"]
[White "Battey, Alexander"]
[Black "Manca, Federico"]
[Result "1-0"]
[WhiteElo "2353"]
[BlackElo "2425"]
[PlyCount "117"]
[EventDate "2012.02.04"]

1. d4 Nf6 2. c4 e6 3. Nf3 Bb4+ 4. Nbd2 b6 5. g3 Bb7 6. Bg2 O-O 7. O-O Bxd2 8.
Qxd2 d6 9. b3 Nbd7 10. Bb2 Qe7 11. Rad1 Rfd8 12. d5 e5 13. Nh4 g6 14. Qg5 Qf8
15. Qd2 Qe7 16. f4 Ne8 17. f5 Rab8 18. Rf2 Nf8 19. Qh6 f6 20. fxg6 hxg6 21.
Nxg6 Nxg6 22. Qxg6+ Qg7 23. Qh5 Bc8 24. Be4 Qh8 25. Qg6+ Qg7 26. Qh5 Qh8 27.
Qf3 Qh3 28. g4 Qxf3 29. Rxf3 b5 30. cxb5 Rxb5 31. h3 Rb4 32. Bd3 Bb7 33. Bc3
Rb6 34. Ba5 Bxd5 35. e4 Bb7 36. Bxb6 axb6 37. g5 fxg5 38. Bc4+ Kg7 39. Rf7+ Kh6
40. Bd5 Bxd5 41. exd5 Ng7 42. Rc1 Kg6 43. Rfxc7 Ra8 44. a4 Ra5 45. Ra1 Rxd5 46.
b4 Rd2 47. a5 bxa5 48. bxa5 Ne6 49. Rc4 Nc5 50. a6 Nxa6 51. Rxa6 Kf5 52. Ra8
Rd3 53. Rf8+ Ke6 54. Kg2 Kd5 55. Ra4 Ke6 56. Rg4 d5 57. Rxg5 Re3 58. Rg6+ Ke7
59. Ra8 1-0

[Event "FIRST SATURDAY TOURNAMENTS Budapest GM F"]
[Site "Budapest"]
[Date "2012.02.08"]
[Round "5.6"]
[White "Horvath, David"]
[Black "Atabayev, Yusup"]
[Result "1-0"]
[WhiteElo "2383"]
[BlackElo "2413"]
[PlyCount "131"]
[EventDate "2012.02.04"]

1. d4 Nf6 2. c4 g6 3. Nc3 Bg7 4. e4 d6 5. Nf3 O-O 6. Be3 e5 7. dxe5 dxe5 8.
Qxd8 Rxd8 9. Nd5 Ne8 10. Ne7+ Kh8 11. Nxc8 Rxc8 12. c5 h6 13. O-O-O Kg8 14. Bc4
Kf8 15. Nd2 Nc6 16. Nb3 Rab8 17. Rd7 Ne7 18. Rd2 Nf6 19. f3 b5 20. cxb6 cxb6
21. Rc2 g5 22. Kb1 Ne8 23. Rhc1 Ng6 24. g3 Bf6 25. Bb5 Rxc2 26. Rxc2 Nd6 27.
Ba6 Bd8 28. a4 Ke7 29. Nc1 Kd7 30. Nd3 Bc7 31. Nb4 Ne7 32. Bf1 Rf8 33. Na6 Bd8
34. Nb8+ Ke6 35. Bh3+ f5 36. Nc6 Nxc6 37. Rxc6 Kd7 38. Rc2 Ke7 39. exf5 Nxf5
40. Bd2 a5 41. Rc6 Rf6 42. Rxf6 Kxf6 43. Bxf5 Kxf5 44. g4+ Ke6 45. Kc2 Kd5 46.
Kd3 Be7 47. Be3 Bc5 48. Bxc5 Kxc5 49. Ke4 Kb4 50. Kxe5 Kxa4 51. f4 gxf4 52. Ke4
f3 53. Kxf3 Kb3 54. h4 Kxb2 55. g5 hxg5 56. h5 a4 57. h6 a3 58. h7 a2 59. h8=Q+
Kb1 60. Qh1+ Kb2 61. Qg2+ Kb1 62. Qf1+ Kb2 63. Qb5+ Kc2 64. Qa4+ Kb2 65. Qb4+
Kc2 66. Qa3 1-0

[Event "FIRST SATURDAY TOURNAMENTS Budapest GM F"]
[Site "Budapest"]
[Date "2012.02.09"]
[Round "6.1"]
[White "Annageldyev, Orazly"]
[Black "Atabayev, Yusup"]
[Result "0-1"]
[WhiteElo "2396"]
[BlackElo "2413"]
[PlyCount "56"]
[EventDate "2012.02.04"]

1. e4 c5 2. Nf3 d6 3. d4 cxd4 4. Nxd4 Nf6 5. Nc3 a6 6. Bg5 e6 7. f4 Be7 8. Qf3
h6 9. Bh4 g5 10. fxg5 Nfd7 11. O-O-O Ne5 12. Qh5 Ng6 13. Bg3 hxg5 14. Qf3 Nd7
15. Be2 Nde5 16. Qf2 b5 17. a3 Bb7 18. Kb1 Rc8 19. Rhf1 O-O 20. Bh5 Rxc3 21.
bxc3 Bxe4 22. Bxg6 Nxg6 23. Qe2 Qa8 24. Qh5 d5 25. Rde1 Qc8 26. Re3 Kg7 27. Kb2
f5 28. Be1 g4 0-1